Zo 422 nadácií má len desatina finančné prostriedky na podporu iných mimovládnych organizácií

Zákony upravujúce činnosť tretieho sektora na Slovensku. Niektoré formy mimovládnych organizácií (MVO) - nadácie, občianske združenia, neinvestičné fondy, neziskové organizácie poskytujúce všeobecne prospešné služby, atď. Charakteristika nadácií, podpora nadácií. Potreba zmeny legislatívy o nadáciác...

ver descrição completa

Na minha lista:
Detalhes bibliográficos
Autor principal: Reiselová, Eva
Formato: Capítulo de Livro
Idioma:eslovaco
Assuntos:
Tags: Adicionar Tag
Sem tags, seja o primeiro a adicionar uma tag!

MARC

LEADER 00000naa a2200000 4500
001 r032447
005 20230921084110.0
041 0 |a slo 
044 |a SK 
245 1 0 |a Zo 422 nadácií má len desatina finančné prostriedky na podporu iných mimovládnych organizácií  |c Eva Reiselová 
520 |a Zákony upravujúce činnosť tretieho sektora na Slovensku. Niektoré formy mimovládnych organizácií (MVO) - nadácie, občianske združenia, neinvestičné fondy, neziskové organizácie poskytujúce všeobecne prospešné služby, atď. Charakteristika nadácií, podpora nadácií. Potreba zmeny legislatívy o nadáciách a neinvestičných fondoch. 
610 2 0 |a sektor terciárny 
610 2 0 |a sektor verejný 
610 2 0 |a organizácie nevládne 
610 2 0 |a nadácie 
610 2 0 |a združenia občianske 
610 2 0 |a fondy neinvestičné 
610 2 0 |a organizácie neziskové 
610 2 0 |a legislatíva 
610 2 0 |a zákony 
610 2 0 |a Slovensko 
100 1 |a Reiselová, Eva